2002 England World Cup Squad - Statistics

General Stats
  • This quiz has been taken 52 times
  • The average score is 16 of 23
Answer Stats
Club Position Caps Answer % Correct
Arsenal LB 8 Ashley Cole
95%
Arsenal GK 68 David Seaman
95%
West Ham United AM 6 Joe Cole
95%
Liverpool ST 35 Michael Owen
95%
Manchester United RM 49 David Beckham
93%
Manchester Unite DM 43 Paul Scholes
90%
Leeds United CB 21 Rio Ferdinand
88%
Bayern Munich DM 6 Owen Hargreaves
85%
Arsenal CB 45 Sol Campbell
83%
Liverpool ST 23 Emile Heskey
80%
Tottenham Hotspur ST 46 Teddy Sheringham
73%
West Ham United GK 9 David James
68%
Manchester United DM 18 Nicky Butt
68%
Leeds United ST 24 Robbie Fowler
66%
Middlesbrough CB 48 Gareth Southgate
61%
Arsenal CB 42 Martin Keown
61%
Leeds United RB 7 Danny Mills
49%
Manchester United CB 6 Wes Brown
49%
Aston Villa ST 5 Darius Vassell
46%
Southampton LB 5 Wayne Bridge
41%
Newcastle United RM 9 Kieron Dyer
37%
Leeds United GK 22 Nigel Martyn
37%
West Ham United LM 5 Trevor Sinclair
34%
No matching quizzes found
Score Distribution
Percent of People with Each Score
Percentile by Number Answered
Your Score History
You have not taken this quiz